[Event "1. Bamberg-Open 2018"]
[Site "Bamberg"]
[Date "2018.05.09"]
[Round "1"]
[White "Schulte, Juergen"]
[Black "Mons, Leon"]
[Result "0-1"]
[WhiteElo "2065"]
[BlackElo "2551"]
[Annotator "TA"]
[PlyCount "68"]
[EventDate "2018.??.??"]
[EventType "swiss"]
[EventCountry "GER"]
[SourceTitle "playchess.com"]
[Source "ChessBase"]
[SourceQuality "1"]

{[%evp 16,68,0,-3,19,17,20,21,22,-37,-26,-30,-23,-14,-32,-30,-25,-65,-65,-71,-65,-59,-36,-100,-98,-120,-120,-119,-115,-125,-106,-106,-106,-228,-219,-229,-227,-281,-266,-277,-284,-439,-346,-340,-341,-391,-400,-430,-442,-5361,-5361,-29976,-29973,-29995,-29996]} 1. d4 Nf6 2. g3 b5 3. Bg2 d5 4. Nf3 e6 5. a4 (5. O-O Bb7 6. Bg5 Nbd7 7. e4 dxe4 8. Nfd2 h6 9. Bxf6 Nxf6 10. Qe2 a6 11. Nxe4 Bxe4 12. Bxe4 Nxe4 13. Qxe4 Qd5 {½-½ (62) Aronian,L (2784)-Dominguez Perez,L (2732) Skopje 2015}) 5... b4 6. c4 {A46: 1 d4 Nf6 2 Nf3 e6: Torre, London and Colle Systems} bxc3 7. bxc3 Ba6 8. O-O Nbd7 9. Re1 {LiveBook: 3 Games} c5 10. Nbd2 Rc8 $146 ({Predecessor:} 10... Be7 11. e4 Nxe4 12. Nxe4 dxe4 13. Rxe4 {1-0 (34) Bates,R (2336)-Grant,J (2257) England 2014}) 11. e4 dxe4 12. Ng5 (12. Nxe4 $11 Nxe4 13. Rxe4) 12... cxd4 13. cxd4 Bb4 14. Ndxe4 O-O 15. Bd2 Be7 $36 {[%mdl 2048] Black has some pressure.} 16. Rc1 h6 {[#] Strongly threatening ...Rxc1.} 17. Nxf6+ Nxf6 18. Nf3 Bb7 19. Be3 (19. Rxc8 $15 Qxc8 20. Ne5) 19... Rxc1 $17 20. Qxc1 Qa8 21. Nh4 Nd5 {[%cal Bf6d5,Bd5e7,Be7f5][%mdl 32]} 22. Qb2 Bxh4 23. gxh4 Bc6 24. a5 (24. Rc1 $17) 24... Ne7 $19 25. Bxc6 Qxc6 26. Qe2 Nf5 27. Qg4 Qc3 28. Re2 (28. Rd1 $142) 28... Qxa5 29. Qe4 Rd8 30. Kg2 Qb5 31. Ra2 a5 32. Bd2 (32. Ra1 $142) 32... Rxd4 33. Qa8+ Kh7 34. Qxa5 Nxh4+ {Precision: White = 32%, Black = 81%.} 0-1

[Event "1. Bamberg-Open 2018"]
[Site "Bamberg"]
[Date "2018.05.09"]
[Round "1"]
[White "Schmitz, Bjoern"]
[Black "Karpatchev, Aleksandr"]
[Result "0-1"]
[WhiteElo "2047"]
[BlackElo "2463"]
[Annotator "TA"]
[PlyCount "100"]
[EventDate "2018.??.??"]
[EventType "swiss"]
[EventCountry "GER"]
[SourceTitle "playchess.com"]
[Source "ChessBase"]
[SourceQuality "1"]

{[%evp 18,100,21,27,37,0,14,-16,78,76,70,14,90,0,0,0,-13,0,0,0,25,-12,-10,-38,-10,-14,-33,-25,0,-4,0,0,0,-13,-11,-18,0,0,0,0,0,-43,-28,-21,-16,-190,-120,-124,-123,-133,-27,-51,-25,-30,-26,-39,-16,-435,-435,-412,-118,-378,-127,-394,-416,-409,-429,-418,-157,-409,-408,-459,-456,-508,-445,-418,-425,-765,-702,-696,-689,-656,-654,-1398,-1379]} 1. Nf3 d5 2. d4 Nf6 3. c4 dxc4 4. e3 b5 5. a4 b4 6. Bxc4 {D25: Queen's Gambit Accepted: 4 e3: sidelines and 4...Bg4} e6 7. Nbd2 (7. O-O Be7 8. Qe2 O-O 9. b3 Bb7 10. Bb2 Nbd7 11. Nbd2 c5 12. Rac1 Rc8 {½-½ (27) Bu,X (2730)-Inarkiev,E (2689) Riadh 2017}) 7... Be7 8. O-O O-O 9. Qe2 Bb7 10. Nb3 {LiveBook: 7 Games} a5 11. Bd2 Nbd7 12. Rfc1 $146 c6 (12... c5 $11) 13. e4 $16 c5 14. e5 (14. Bd3 $14) 14... Nd5 (14... Ne4 $11 {keeps the balance.}) 15. Bxd5 (15. Bb5 $16) 15... Bxd5 $11 16. Nxc5 Nxc5 17. dxc5 Bxf3 18. gxf3 Qd5 19. Be3 Qxe5 20. f4 (20. c6 {seems wilder.} Rac8 21. Rc4 Rfd8 22. f4 Qc7 23. Rd1) 20... Qc7 21. Rc4 Qc6 22. b3 Rfd8 23. Rd1 Rxd1+ 24. Qxd1 Bf6 25. Rc2 Bc3 26. Rc1 g6 27. Qd3 Qf3 28. Rd1 Bf6 29. Qc2 e5 30. fxe5 $1 Bxe5 31. Rd2 $2 (31. Rd3 $11 {and White has nothing to worry.}) 31... Qh3 $36 {[%mdl 2048] Black is in control.} ({Black should play} 31... Re8 $19 32. Rd3 Qg4+ 33. Kf1 Qh3+ 34. Ke2 Qxh2) 32. Qe4 $17 Bxh2+ 33. Kh1 Bc7+ ({Black should try} 33... Be5+ $1 $17 34. Kg1 Re8) 34. Kg1 $15 Rf8 {White must now prevent ...Bh2+.} ({Don't take} 34... Bh2+ 35. Kh1 $17) 35. Qg2 Qf5 {...Qb1+ is the strong threat.} 36. Qd5 Qc8 37. Qc4 $2 {[%mdl 8192]} (37. Qd7 $11) 37... Qh3 $19 38. Qe4 Bh2+ 39. Kh1 Bf4+ $1 40. Kg1 {[#]} Qh2+ $1 (40... Bh2+ $2 41. Kh1 $19) 41. Kf1 Bxe3 42. Qxe3 {[%mdl 4096] Endgame KQR-KQR} Qh1+ 43. Ke2 {[#]} Qa8 $1 {Strongly threatening ...Re8.} 44. Kd1 Re8 45. Qd4 Qf3+ 46. Kc2 h5 {[%cal Bh7h5,Bh5h4,Bh4h3][%mdl 32]} 47. Qc4 (47. Qd3 $142 Qc6 48. Qd6) 47... Rc8 48. Kb1 {[#]} h4 $1 {[%mdl 512]} 49. Ka2 (49. Qxh4 Qxb3+) 49... h3 50. Qh4 Qc3 {Precision: White = 49%, Black = 60%.} 0-1

[Event "1. Bamberg-Open 2018"]
[Site "Bamberg"]
[Date "2018.05.09"]
[Round "1"]
[White "Winterholler, Christina"]
[Black "Keymer, Vincent"]
[Result "0-1"]
[WhiteElo "2044"]
[BlackElo "2443"]
[Annotator "TA"]
[PlyCount "62"]
[EventDate "2018.??.??"]
[EventType "swiss"]
[EventCountry "GER"]
[SourceTitle "playchess.com"]
[Source "ChessBase"]
[SourceQuality "1"]

{[%evp 17,62,-42,-18,-33,0,-33,-34,-39,0,-65,-56,-69,-25,-52,-25,-32,-14,-8,3,-139,118,26,75,3,0,-43,-28,-56,-40,-52,-48,-98,-43,-36,-20,-13,-25,-118,-91,-254,-228,-220,-248,-248,-227,-815,-812]} 1. e4 c5 2. d4 cxd4 3. c3 dxc3 4. Nxc3 e6 5. Nf3 Nc6 6. Bc4 a6 7. O-O Nge7 8. Qe2 Ng6 {B21: Sicilian: 2 f4 and Morra Gambit} 9. Rd1 d6 {LiveBook: 5 Games} 10. Be3 (10. Bg5 Qc7 11. Rac1 h6 12. Be3 Be7 13. g3 O-O 14. h4 Qa5 15. Nd4 Nge5 16. Bb3 Nxd4 17. Bxd4 {0-1 (29) Brito Garcia,A (2348)-Kurajica,B (2555) Las Palmas 2009}) 10... Be7 {Black is slightly better.} 11. Rac1 (11. Na4 $5 {[%cal Re3b6]}) 11... Bd7 12. Bb3 b5 13. Nd2 $146 ({White should try} 13. e5 $11) ({Predecessor:} 13. Bc2 O-O 14. Nd4 Nce5 15. b3 Rc8 {0-1 (46) Cabrera Marmol,M (1871)-Gonzalez,R (2196) Barcelona 2017}) 13... O-O 14. f4 Rc8 15. Qf2 f5 16. exf5 Rxf5 17. Nde4 Qf8 {[%cal Rg6f4]} 18. g3 (18. Ng3 $11) 18... Nge5 $2 {[%mdl 8192]} (18... Na5 $1 $17 {stays on course.} 19. Qd2 Rc6) 19. Qe2 (19. Nxd6 $1 $16 Bxd6 20. Ne4) 19... Nc4 {[#]} 20. Bxc4 (20. Nc5 $1 $16 {[%cal Rc5d7][%mdl 512]} Qe8 (20... dxc5 21. Rxd7) 21. Nxd7 (21. Nxa6 N6a5 $11) 21... Qxd7 22. Bxc4 bxc4 23. Na4) 20... bxc4 $11 21. Na4 {And now Nb6 would win.} d5 $36 {[%mdl 2048] Black has good play.} 22. Nec5 Nb8 {[%cal Re7c5]} 23. Nxd7 Nxd7 24. Bd4 Rc6 (24... Qf7 $17 25. b3 Re8) 25. b3 $15 {[%cal Rb3c4]} Qc8 26. bxc4 dxc4 27. Rb1 (27. Rd2 $11 {remains equal.}) 27... Rd5 $17 28. Nc3 $2 {[#]} (28. Bc3 $17 {was worth a try.} Bf6 29. Rxd5 exd5 30. Qh5) 28... Rxd4 $1 $19 {[%mdl 512]} 29. Rxd4 Bc5 30. Rbd1 {[#]} Rd6 $1 ({Less strong is} 30... Bxd4+ 31. Rxd4 Qc7 32. Kf1 $17) 31. Qxc4 $2 (31. Qe3) 31... Nb6 {Precision: White = 18%, Black = 36%.} ({Not} 31... Bxd4+ 32. Rxd4 Rc6 33. Qb3 $11) 0-1

[Event "1. Bamberg-Open 2018"]
[Site "Bamberg"]
[Date "2018.05.09"]
[Round "1"]
[White "Elsner, Norbert"]
[Black "Scholz, Christian"]
[Result "0-1"]
[WhiteElo "2034"]
[BlackElo "2388"]
[Annotator "TA"]
[PlyCount "48"]
[EventDate "2018.??.??"]
[EventType "swiss"]
[EventCountry "GER"]
[SourceTitle "playchess.com"]
[Source "ChessBase"]
[SourceQuality "1"]

{[%evp 14,48,17,-2,31,0,8,-20,11,0,0,0,0,-15,0,0,15,-12,-16,-44,-43,-42,-30,-38,-35,-27,-19,-22,0,-81,-93,-214,-208,-204,-210,-260,-239]} 1. c4 Nf6 2. Nc3 g6 3. g3 Bg7 4. Bg2 d6 5. e3 O-O 6. Nge2 Nc6 7. O-O e5 8. d4 {LiveBook: 85 Games} a6 {E61: King's Indian: Early deviations for White, including Smyslov System} (8... exd4 9. exd4 Ne7 10. Bf4 Nf5 11. Qc1 Re8 12. h3 c6 13. g4 Ne7 14. Bh6 d5 15. c5 b6 16. cxb6 axb6 17. Re1 {0-1 (36) Gelfand,B (2743)-Giri,A (2755) Moscow 2016}) 9. a3 Re8 $146 ({Predecessor:} 9... Rb8 10. b4 Na7 11. b5 axb5 12. cxb5 c6 13. a4 Re8 14. dxe5 Nd5 15. Nxd5 cxd5 16. Bxd5 Bxe5 {1-0 (44) Munoz Munoz,T (2044)-Garcia Millan,D (1731) Sabadell 2015}) 10. h3 h5 {The position is equal.} 11. b3 exd4 12. exd4 Bf5 13. Be3 Qd7 14. Kh2 Ne4 15. Nd5 Ne7 16. Nef4 Nxd5 17. Nxd5 Rab8 18. Rc1 c6 19. Nf4 b5 20. Re1 Qb7 21. f3 (21. cxb5 $11 {keeps the balance.} Qxb5 22. b4) 21... Nf6 $17 22. g4 {[#]} (22. Bd2 $17) 22... Rxe3 $1 $19 {[%mdl 512]} 23. Rxe3 Bh6 24. Kg3 {[#]} h4+ $1 {[%mdl 512] Precision: White = 27%, Black = 53%.} 0-1

[Event "1. Bamberg-Open 2018"]
[Site "Bamberg"]
[Date "2018.05.09"]
[Round "1"]
[White "Schreiter, Thomas"]
[Black "Troyke, Christian"]
[Result "0-1"]
[WhiteElo "2016"]
[BlackElo "2342"]
[Annotator "TA"]
[PlyCount "42"]
[EventDate "2018.??.??"]
[EventType "swiss"]
[EventCountry "GER"]
[SourceTitle "playchess.com"]
[Source "ChessBase"]
[SourceQuality "1"]

{[%evp 17,42,56,64,18,37,44,45,-14,5,28,33,0,11,-41,-38,-43,23,-77,-87,-587,-587,-952,-931,-914,-878,-1715,-1701]} 1. d4 g6 2. Nf3 Nf6 3. c4 Bg7 4. Nc3 O-O 5. e4 d6 6. Be2 Bg4 7. Be3 Nfd7 8. Qd2 e5 9. d5 a5 {LiveBook: 14 Games. E91: King's Indian: Classical: 6 Be2, unusual replies including 6...c5 and 6...Bg4} 10. O-O (10. O-O-O Na6 11. h3 Bxf3 12. gxf3 f5 13. exf5 gxf5 14. Bg5 Qe8 15. Rdg1 Kh8 16. Rg2 Qf7 17. Rhg1 {½-½ (64) Narciso Dublan,M (2529)-Bachmann,A (2601) Barcelona 2015}) 10... Bxf3 11. Bxf3 f5 {[%cal Bf7f5,Bf5f4,Bf4f3][%mdl 32] White is slightly better.} 12. Bh6 ({White should try} 12. exf5 $14 gxf5 13. Bg5) 12... Na6 13. Bxg7 Kxg7 14. Bd1 $146 ({Predecessor:} 14. g3 Nac5 15. Bg2 f4 16. f3 h5 17. Ne2 fxg3 18. hxg3 {0-1 (29) Wiedermann,F (2145)-Zueger,B (2425) Liechtenstein 1994}) 14... f4 15. a3 (15. Rb1 $11) 15... Nac5 $15 16. b3 {[#]} Nf6 (16... f3 $1 $15 {[%mdl 512]}) 17. Bc2 {[#]} (17. f3 $11) 17... f3 $1 $17 {[%mdl 512]} 18. g3 $2 {[%mdl 8192]} (18. b4 $17 {is more resistant.} fxg2 19. Kxg2) (18. gxf3 Nh5) 18... Qd7 $19 {( -> ...Qh3). Black is clearly winning.} 19. Qe3 {[#]} Nxd5 $1 {[%mdl 512]} 20. Nxd5 Qh3 {[%csl Gf3][%cal Rh3g2]} 21. Nf4 {[#]} Rxf4 $1 {[%mdl 512] Precision: White =  6%, Black = 62%.} 0-1

[Event "1. Bamberg-Open 2018"]
[Site "Bamberg"]
[Date "2018.05.09"]
[Round "1"]
[White "Lenhardt, Stefan"]
[Black "Gegenfurtner, Juergen"]
[Result "0-1"]
[WhiteElo "2012"]
[BlackElo "2289"]
[Annotator "TA"]
[PlyCount "68"]
[EventDate "2018.??.??"]
[EventType "swiss"]
[EventCountry "GER"]
[SourceTitle "playchess.com"]
[Source "ChessBase"]
[SourceQuality "1"]

{[%evp 13,68,0,4,-9,-10,-20,-18,-23,-9,-14,-9,-9,-16,-16,-16,-23,-14,-18,-6,-15,0,-10,-14,-29,-9,-15,-6,-16,-5,-8,-10,-37,-19,-28,-24,-75,-70,-63,-61,-136,-137,-114,-88,-94,-84,-120,-79,-74,-90,-170,-167,-245,-206,-327,-256,-1097,-1057]} 1. e4 e5 2. Bc4 Nc6 3. Nc3 Nf6 4. d3 Bc5 5. Nf3 d6 6. h3 h6 7. a3 a6 {LiveBook: 17 Games} 8. Qe2 {C50: Hungarian Defence and Giuoco Pianissimo} (8. O-O O-O 9. Ne2 Ne7 10. Ng3 Ng6 11. c3 b5 12. Bb3 Bb6 13. a4 Bb7 14. axb5 axb5 15. Rxa8 Bxa8 16. Be3 Bxe3 17. fxe3 {½-½ (42) Safarli,E (2657)-Khairullin,I (2652) Skopje 2015}) 8... O-O 9. Nd5 $146 ({Predecessor:} 9. g4 Nd4 10. Nxd4 exd4 11. Nd5 Be6 12. Nxf6+ Qxf6 13. Bb3 Bxb3 14. cxb3 Qh4 15. Bf4 Rae8 {½-½ (27) Johan,M (2150)-Ramnath,B (2297) Penang 2016}) 9... Be6 10. c3 {The position is equal.} Re8 11. O-O Bxd5 12. Bxd5 Nxd5 13. exd5 Ne7 14. b4 Ba7 15. c4 Qd7 16. Be3 f5 17. Bxa7 Rxa7 18. Nd2 c6 19. dxc6 Nxc6 20. Nb3 Raa8 {[%cal Ba7a8,Ba8d8,Bd8d3][%mdl 32]} 21. Rfe1 Qf7 22. Qd2 Rad8 23. Rac1 d5 24. Qb2 (24. Qc2 $11 {remains equal.}) 24... dxc4 $17 25. dxc4 e4 {Threatens to win with ...Ne5.} 26. Qc3 (26. Red1 $15) 26... Rd3 27. Qc2 Red8 28. Red1 Ne5 29. Rxd3 Rxd3 30. Nc5 Rd4 {[%cal Rd4c4]} (30... Rxa3 31. Qb2 $16) 31. Qb3 (31. Rd1 $17 Rxc4 32. Qd2) 31... Kh7 $19 ({Don't take} 31... Rxc4 32. Rxc4 Nxc4 33. a4 $17) (31... Nxc4 {[#]} 32. Nxb7 $1 {[%mdl 512]} Qd5 33. Nc5 $15) 32. b5 (32. Rd1 $142 Rxd1+ 33. Qxd1) 32... a5 ({Resist} 32... Rxc4 33. Rxc4 Qxc4 34. Qxc4 $17) ({Less strong is} 32... Nxc4 33. bxa6 bxa6 34. Nxa6 $17) 33. Na4 (33. Qe3 {keeps fighting.} Rxc4 34. Rxc4 Nxc4 35. Qb3) 33... Rxc4 34. Rd1 $2 {[#]} (34. Rc3) 34... Rc1 $1 {[%mdl 512] Precision: White = 28%, Black = 69%.} 0-1

[Event "1. Bamberg-Open 2018"]
[Site "Bamberg"]
[Date "2018.05.09"]
[Round "1"]
[White "Bauer, Leon"]
[Black "Schulz, Lukas"]
[Result "0-1"]
[WhiteElo "1995"]
[BlackElo "2276"]
[Annotator "TA"]
[PlyCount "60"]
[EventDate "2018.??.??"]
[EventType "swiss"]
[EventCountry "GER"]
[SourceTitle "playchess.com"]
[Source "ChessBase"]
[SourceQuality "1"]

{[%evp 9,60,-30,-27,-47,-61,-62,-62,-53,-52,-51,-57,-54,-45,-58,-7,-11,-11,-5,-5,-34,-32,-28,-30,-62,-50,-57,-50,-138,-140,-131,-136,-133,-149,-131,-126,-126,-127,-127,-135,-120,-60,-79,-79,-77,-69,-83,-76,-77,-73,-424,-458,-712,-706]} 1. c4 e5 2. Nc3 Nc6 3. g3 h5 {[%cal Bh7h5,Bh5h4][%mdl 32]} (3... Bb4 4. Bg2 Nge7 5. Nd5 Bc5 6. Nf3 O-O 7. O-O d6 8. e3 a6 9. b3 Bg4 10. h3 Bh5 11. g4 Bg6 12. d4 exd4 13. exd4 {½-½ (28) Svidler,P (2760)-Nepomniachtchi,I (2751) Moscow 2018}) 4. Bg2 h4 5. d3 Bc5 {[%cal Bf8c5,Bc5b6,Bb6a5][%mdl 32] LiveBook: 3 Games} 6. Ne4 {A25: English Opening vs King's Indian with ...Nc6 but without early d3} Bb6 $146 ({Predecessor:} 6... Be7 7. Nh3 d6 8. a3 a5 9. Neg5 Nd4 10. Bd5 Nh6 11. Bg2 {0-1 (51) Berntgen,H (1658)-Wagner,H (2093) Zirndorf 2013}) 7. c5 Ba5+ 8. Bd2 {Black is slightly better.} d5 9. cxd6 $1 cxd6 10. Bxa5 Qxa5+ 11. Qd2 Qxd2+ (11... Qc7 $15) 12. Kxd2 $11 Ke7 13. Nc3 Nf6 14. Nd5+ Nxd5 15. Bxd5 Nb4 16. Bg2 Be6 17. a3 Nc6 $36 {[%mdl 2048] Black is more active.} 18. e3 (18. Bxc6 $15 bxc6 19. Nf3) 18... Na5 $17 19. Rb1 Rac8 20. Ne2 Nb3+ 21. Kd1 b5 22. Nc3 Rc5 23. Ne4 Rd5 24. Ke2 {[#]} Rc8 ({Better is} 24... Bg4+ $1 $17 25. f3 Bf5) 25. Nc3 Rdc5 26. Rhd1 a5 {And now ...b4 would win.} 27. d4 $1 {[%cal Rd4c5]} exd4 28. exd4 Rc4 29. Bd5 $2 {[%mdl 8192] [#]} (29. Nd5+ $17 Kf8 30. Ne3) 29... Rxc3 $19 30. Bxe6 (30. bxc3 $142 Bxd5 31. Kd3) 30... Rc2+ {Precision: White = 50%, Black = 75%.} 0-1

[Event "1. Bamberg-Open 2018"]
[Site "Bamberg"]
[Date "2018.05.09"]
[Round "1"]
[White "Mock, Markus"]
[Black "Maier, Alexander"]
[Result "0-1"]
[WhiteElo "1994"]
[BlackElo "2267"]
[Annotator "TA"]
[PlyCount "70"]
[EventDate "2018.??.??"]
[EventType "swiss"]
[EventCountry "GER"]
[SourceTitle "playchess.com"]
[Source "ChessBase"]
[SourceQuality "1"]

{[%evp 20,70,42,33,52,8,52,0,60,59,51,25,27,0,0,-10,0,-14,-1,-7,3,0,0,-51,0,-34,16,3,46,0,37,0,0,-19,-24,-57,-46,-102,-11,-289,-282,-622,-608,-703,-693,-684,-685,-757,-752,-774,-724,-1089,-1055]} 1. d4 c5 2. d5 Nf6 3. Nc3 g6 4. g3 d6 5. Bg2 Bg7 6. e4 O-O 7. Nge2 Na6 8. O-O Rb8 9. a4 Nc7 10. h3 {B07: Pirc Defence: Miscellaneous Systems} b6 11. Be3 {LiveBook: 4 Games} (11. g4 a6 12. Rb1 b5 13. axb5 axb5 14. b4 Nd7 15. Be3 cxb4 16. Rxb4 {1-0 (31) Najer,E (2663)-Kokarev,D (2635) Sochi 2015}) 11... a6 12. Qd2 {White is slightly better.} Re8 13. Bh6 $146 (13. Rab1 $14) ({Predecessor:} 13. Rad1 Nd7 14. f4 b5 15. axb5 axb5 16. b4 Na6 17. bxc5 b4 {1-0 (55) Schmidt Schaeffer,S (2327)-Meister,J (2512) Germany 2003}) 13... Bh8 (13... Bxh6 $11 14. Qxh6 b5) 14. f4 $14 b5 15. axb5 axb5 16. g4 b4 17. Nd1 Nd7 18. c3 bxc3 19. bxc3 Nb6 20. Ne3 Ba6 21. f5 (21. Rfc1 $11) 21... Be5 ({Black should play} 21... Bxe2 $15 22. Qxe2 Bxc3) 22. Rf2 Nc4 (22... Bxe2 $5 23. Qxe2 Bxc3 $15) 23. Nxc4 Bxc4 24. fxg6 hxg6 (24... fxg6 {is interesting.} 25. Rc1 Ra8 26. Nd4 Ra2 27. Qe3 Qa8) 25. Bf4 (25. Raf1 $5 {[%cal Rf2f7]} f6 26. Bf4 $11) 25... Bg7 26. Raf1 Rf8 27. h4 Qd7 $36 {[%mdl 2048] White is under pressure.} 28. Bh3 (28. Bf3 $1 $15) 28... Rb3 ({Black should try} 28... Ra8 $17 {aiming for ...Nb5.} 29. Qe3 e6) 29. Rf3 $2 {[%mdl 8192] [#]} (29. Bh6 $11) 29... Qb5 $1 $19 30. R1f2 $2 (30. Ng3) 30... Rb2 {Black is clearly winning.} 31. Qe3 Rxe2 32. Rxe2 Bxe2 33. Rg3 Ra8 34. h5 Ra3 35. h6 {[#]} Bd4 $1 {[%mdl 512] Precision: White = 15%, Black = 45%.} 0-1

[Event "1. Bamberg-Open 2018"]
[Site "Bamberg"]
[Date "2018.05.09"]
[Round "1"]
[White "Link, Klaus"]
[Black "Goldbeck, Lars"]
[Result "0-1"]
[WhiteElo "1992"]
[BlackElo "2247"]
[Annotator "TA"]
[PlyCount "56"]
[EventDate "2018.??.??"]
[EventType "swiss"]
[EventCountry "GER"]
[SourceTitle "playchess.com"]
[Source "ChessBase"]
[SourceQuality "1"]

{[%evp 11,56,0,0,5,25,21,30,0,18,7,62,38,35,-5,56,-48,-70,-121,-114,-93,-93,-221,-227,-214,-213,-225,-162,-193,-47,-147,-148,-158,-151,-156,-184,-144,-172,-239,-243,-451,-443,-580,-593,-580,-580,-569,-571]} 1. e4 c5 2. c3 d5 3. exd5 Nf6 4. d4 Nxd5 (4... cxd4 5. Bb5+ Bd7 6. Bc4 b5 7. Bb3 dxc3 8. Nxc3 g6 9. Nf3 Bg7 10. Ne5 O-O 11. O-O b4 12. Ne2 {1-0 (53) Pavasovic,D (2548)-Sunilduth Lyna,N (2541) chess.com INT 2017}) 5. Nf3 e6 6. Bd3 {B22: Sicilian: 2 c3} cxd4 {LiveBook: 4 Games} 7. Nxd4 Bd6 8. O-O {White has an edge.} O-O $146 ({Predecessor:} 8... Nd7 9. Re1 O-O 10. Qg4 N5f6 11. Qh4 Ne5 12. Bc2 {0-1 (32) Budka,J (2125)-Kubikova,H (2190) Czechia 1997}) 9. Qf3 Nd7 {[%cal Bb8d7,Bd7e5,Be5g4][%mdl 32]} (9... Bd7 {is more complex.} 10. Qh5 g6 11. Qe2 Re8 12. Nf3 Nc6) 10. Re1 g6 (10... N5f6 $11) 11. Be4 Ne5 12. Qh3 f5 (12... Re8 $11) 13. Bc2 (13. Bxd5 $1 $14 exd5 14. Bf4) 13... Ng4 $1 $15 14. Bb3 (14. g3 $15) 14... Bxh2+ $17 15. Kf1 Be5 $36 {[%mdl 2048] White is under strong pressure.} 16. Rxe5 (16. Nf3 $17 Bf6 17. Na3) 16... Nxe5 $19 17. Bh6 {[#]} Re8 $1 18. Nd2 b6 19. N2f3 {[#]} Qc7 (19... Nf7 $1 $19 {Strongly threatening ...Qf6.} 20. Re1 Qf6) 20. Re1 ({White should play} 20. Kg1 $15) 20... Ba6+ $17 21. Kg1 {Black must now prevent Nxe6.} Nxf3+ 22. Qxf3 Bc4 23. Ba4 b5 $1 {[%cal Rb5a4]} ({Not} 23... Bxa2 24. Ra1 $16) 24. Nxb5 (24. Bxb5 $142 Bxb5 25. Nxb5) 24... Qd7 $19 25. b3 $2 (25. Nc7 Qxc7 26. b3) 25... Bxb5 {Black is clearly winning.} 26. Bxb5 Qxb5 27. c4 Qb4 28. Qd1 Nf6 {Precision: White = 32%, Black = 40%.} 0-1

[Event "1. Bamberg-Open 2018"]
[Site "Bamberg"]
[Date "2018.05.09"]
[Round "1"]
[White "Helms, Sven"]
[Black "Hovsepyan, Vardan"]
[Result "0-1"]
[WhiteElo "1985"]
[BlackElo "2244"]
[Annotator "TA"]
[PlyCount "78"]
[EventDate "2018.??.??"]
[EventType "swiss"]
[EventCountry "GER"]
[SourceTitle "playchess.com"]
[Source "ChessBase"]
[SourceQuality "1"]

{[%evp 9,78,30,30,30,45,31,67,66,63,28,54,0,0,0,11,0,7,20,36,-9,-10,-12,-10,-13,-10,-18,-18,-22,-23,-22,-19,-20,-4,-16,0,-13,-11,-25,-22,-60,-56,-54,-4,-14,-4,-24,-25,-22,-27,-26,-25,-83,-83,-83,-83,-464,-447,-379,-393,-1568,-1562,-29957,-29943,-6167,-5097,-29966,-29964,-29963,-2958,-29965,-29968]} 1. e4 c5 2. d4 cxd4 3. c3 d3 4. Bxd3 Nc6 5. f4 d5 {LiveBook: 3 Games} (5... g6 6. Nf3 Bg7 7. Be3 d5 8. e5 Nh6 9. h3 f6 10. exf6 exf6 11. O-O O-O 12. Na3 Re8 13. Bf2 {1-0 (46) Becerra Rivero,J (2555)-Finegold,B (2493) ICC INT 2012}) 6. e5 {B21: Sicilian: 2 f4 and Morra Gambit} h5 7. Be3 g6 8. Nf3 {White is slightly better.} Nh6 9. h3 (9. Nbd2 {feels hotter.} Bf5 10. Be2 Bg7 11. h3 f6 12. O-O) 9... Bf5 10. Na3 $146 (10. Be2 $14) ({Predecessor:} 10. O-O e6 11. Bf2 Be7 12. a4 Kf8 13. Na3 Bxd3 14. Qxd3 {½-½ (42) Molnar,L (2080)-Fusthy,Z (2262) Hungary 2005}) 10... Bxd3 $11 11. Qxd3 Nf5 12. Bf2 e6 13. Nc2 Qc7 14. Ncd4 Ncxd4 15. Nxd4 Nxd4 16. Bxd4 a6 17. O-O Bc5 18. Qe3 Rc8 19. Rfd1 Qb6 20. Qf2 Bxd4 21. Rxd4 Rc6 22. Rad1 Qc7 23. R1d3 b5 24. g4 hxg4 25. hxg4 Qe7 26. Kg2 a5 27. Rh3 Rxh3 28. Kxh3 {[%mdl 4096] Endgame KQR-KQR} b4 29. cxb4 axb4 30. Qd2 (30. Qe3 $11 {keeps the balance.}) 30... Rc4 $17 31. Rxc4 dxc4 {[%cal Bd5c4,Bc4c3][%mdl 32] KQ-KQ} 32. Qg2 $2 {[%mdl 8192] [#]} (32. g5 $17 {is tougher.}) 32... Qc5 $19 33. Qa8+ Ke7 34. Kh4 $2 (34. Qb7+ Kf8 35. f5) 34... c3 35. Kg5 c2 36. Qb7+ Kd8 37. Qb8+ Kd7 38. Qb7+ {[#]} Qc7 $1 {[%cal Rc7b7]} 39. Qb5+ Kd8 {Precision: White = 28%, Black = 75%.} 0-1